000 00698nam a22002177a 4500
003 UA-OsUOA
001 83373
007 ta
008 20120410b un ||||| |||| 00| 0 ukr d
100 _aВерховод І.
090 _a330(477)
_bВ36
942 _cSA
040 _aUA-OsUOA
_bukr
_cUA-OsUOA
_dUA-OsUOA
245 _aІнформатизація, інноваційність та продуктивність праці: дослідження взаємозв'язку
300 _aС.36-42
955 _a0
041 _aukr
080 _a330(477)
773 0 _w83365
_tУкраїна: аспекти праці
_dК.
_d2012
_g2
650 7 _a330 Економіка взагалі
_2UDC
999 _c369683
_d369683